Differential equations /
Guardado en:
| Autor Principal: | |
|---|---|
| Formato: | Libro |
| Idioma: | English |
| Publicado: |
New York :
McGraw-Hill,
1960.
|
| Edición: | 2d ed. |
| Etiquetas: |
Agregar Etiqueta
Sin Etiquetas, Sea el primero en etiquetar este registro!
|
| LEADER | 00487nam a22001695a 4500 | ||
|---|---|---|---|
| 001 | MAT.inmabb001421 | ||
| 008 | 031124s1960####nyu###########000#0#eng#d | ||
| 005 | 20160530114740.0 | ||
| 245 | 1 | 0 | |a Differential equations / |c Ralph Palmer Agnew. |
| 250 | |a 2d ed. | ||
| 260 | |a New York : |b McGraw-Hill, |c 1960. | ||
| 300 | |a ix, 485 p. ; |c 24 cm. | ||
| 510 | 4 | |a MR, |c 22 #5761 | |
| 100 | 1 | |a Agnew, Ralph Palmer. | |
| 084 | |a 34-01 |2 msc2000 | ||
| 010 | |a 59013927 | ||
| 859 | |h 34 |i Ag273-2 |p A-1694 |b BIB. MATEMATICA | ||
